Online characterization of the effect of mixing parameters on carbon black dispersion in rubber compounds using electrical conductivity (Record no. 64384)

MARC details
000 -LEADER
fixed length control field 00570nam a2200181Ia 4500
100 ## - MAIN ENTRY--AUTHOR NAME
Personal name Le H H
245 #0 - TITLE STATEMENT
Title Online characterization of the effect of mixing parameters on carbon black dispersion in rubber compounds using electrical conductivity
260 ## - PUBLICATION, DISTRIBUTION, ETC. (IMPRINT)
Name of publisher Rubber Chemistry and Technology
Year of publication 2004
300 ## - PHYSICAL DESCRIPTION
Number of Pages 147-160
650 ## - SUBJECT ADDED ENTRY--TOPICAL TERM
Topical Term Carbon black dispersion
650 ## - SUBJECT ADDED ENTRY--TOPICAL TERM
Topical Term Electrical conductivity
650 ## - SUBJECT ADDED ENTRY--TOPICAL TERM
Topical Term Rubber compounds
700 ## - ADDED ENTRY--PERSONAL NAME
Personal name Ilisch S
700 ## - ADDED ENTRY--PERSONAL NAME
Personal name Jakob B
700 ## - ADDED ENTRY--PERSONAL NAME
Personal name Radusch H J
942 ## - ADDED ENTRY ELEMENTS (KOHA)
Koha item type Journals
Holdings
Withdrawn status Lost status Damaged status Not for loan Home library Current library Shelving location Date acquired Serial Enumeration / chronology Koha item type
      Journals RRII Library RRII Library Rubber chemistry 17/12/2021 Volume 77, Issue 1 Journals